000 00501nam a2200181Ia 4500
005 20250508162618.0
008 008 250505s9999 xx 000 0 hin d
037 _aTextual
040 _aFEDL
_beng
_cFEDL
041 _ahin
_2eng
084 _a808, GOR
_qFEDL
100 _aGorki Maksim...(et.al).
_9773589
245 0 _aLekhankala aur rachna kaushal
260 _aMoscow, Russia
_bPragiti Prakashan
_c1977
300 _a349p
942 _cTEXL
_h808, GOR
999 _c1377638
_d1377638